Per l'interpretazione della legislazione provatistica di diocleziano
Guardat en:
| Autor principal: | |
|---|---|
| Format: | Llibre |
| Idioma: | italià |
| Publicat: |
Milán
Dott. A. Giuffrè
1960
|
| Col·lecció: | Fondazione Guglielmo Castelli, 26
|
| Matèries: | |
| Etiquetes: |
Afegir etiqueta
Sense etiquetes, Sigues el primer a etiquetar aquest registre!
|
MARC
| LEADER | 00000nam a2200000 a 4500 | ||
|---|---|---|---|
| 001 | UCR0292 | ||
| 003 | CL-VaPUC | ||
| 008 | 971129e19600000IT |||||||||||||||||ita|d | ||
| 082 | 0 | 4 | |a 340.5409 |b AME |2 21 |
| 100 | 0 | |a Amelotti, Mario |e author |9 395763 | |
| 245 | 1 | 0 | |a Per l'interpretazione della legislazione provatistica di diocleziano |
| 300 | |a 157 p | ||
| 942 | |c BK | ||
| 945 | |d 19971129 00:00:00 |a aolguin | ||
| 260 | |a Milán |b Dott. A. Giuffrè |c 1960 | ||
| 650 | 0 | |a Derecho romano |9 255930 | |
| 650 | 0 | |a Historia |9 255047 | |
| 650 | 7 | |a CONSTITUCION DIOCLESIANA |2 CL-VaPUC |9 395764 | |
| 650 | 0 | |a Interpretación de la ley |9 257376 | |
| 650 | 0 | |a Derecho de familia |9 255603 | |
| 583 | |a last modification |c 19971129 00:00:00 |k Rodrigo Vera | ||
| 490 | 0 | |a Fondazione Guglielmo Castelli, 26 | |
| 999 | |c 263836 |d 263834 | ||
| 952 | |0 0 |1 0 |4 0 |6 340_540900000000000_AME_1960 |7 0 |8 DER_ROM |9 293320 |a BIBDER |b BIBDER |d 2019-11-19 |i 1897845 |l 6 |o 340.5409 AME 1960 |p 1897845 |r 2023-01-25 |s 2020-10-01 |w 2019-11-19 |x Ubicación 4to piso |y BK |z Este recurso debe solicitarse con anticipación |k DER | ||